|
|
|
|
| LEADER |
00000nab a2200000 4500 |
| 001 |
vtls012252948 |
| 003 |
SK-MaSNL |
| 005 |
20260304181710.0 |
| 008 |
240318|2023 xo |||| ||n ||00 0|slo |
| 015 |
|
|
|a SNBRB2024/03
|
| 040 |
|
|
|a SPKCL
|b slo
|e rda
|
| 041 |
|
|
|a slo
|b eng
|
| 043 |
|
|
|a e-xr- - -
|
| 044 |
|
|
|a xo
|c SK
|
| 072 |
|
7 |
|a 821.162.4
|x Slovenská literatúra
|2 konspekt
|
| 080 |
|
|
|a 821.162.4 Kováč, Michal
|2 2011
|
| 100 |
1 |
|
|a Valko, Roland,
|d 1985-
|4 aut
|9 173636
|
| 245 |
1 |
0 |
|a Život a dielo Miša Kováča-Adamova
|c Roland Valko
|
| 336 |
|
|
|a text
|b txt
|2 rdacontent
|
| 337 |
|
|
|a bez média
|b n
|2 rdamedia
|
| 338 |
|
|
|a zväzok
|b nc
|2 rdacarrier
|
| 504 |
|
|
|a Obsahuje bibliografiu
|
| 600 |
1 |
7 |
|a Kováč, Michal,
|d 1930-2023
|2 snkbucl
|9 13813
|
| 650 |
0 |
7 |
|a slovenská literatúra
|2 SNKPH
|9 1115
|
| 650 |
0 |
7 |
|a knihovníctvo
|2 SNKPH
|9 1557
|
| 773 |
0 |
|
|t Knižnica (online)
|g Roč. 24, č. 3 (2023), s. 77-81
|x 1336-0965
|
| 856 |
4 |
1 |
|u //www.snk.sk/sk/obchod/edicna-cinnost/casopis-kniznica/archiv-kniznica.html
|
| 958 |
|
|
|a NB
|
| 999 |
|
|
|c 3025452
|d 3027382
|